[Event "Online Olym Div3 C"]
[Site "Chess.com INT"]
[Date "2020.08.08"]
[Round "5.3"]
[White "Pulpan, Ondrej"]
[Black "Nekrasova, Elena"]
[Result "1-0"]
[WhiteElo "1901"]
[BlackElo "2028"]
[PlyCount "97"]
[EventDate "2020.08.07"]
[EventType "team-tourn (rapid)"]
[EventRounds "9"]
[EventCountry "USA"]
[SourceTitle "CBM 198"]
[Source "ChessBase"]
[SourceDate "2020.10.31"]
[SourceVersion "1"]
[SourceVersionDate "2020.10.31"]
[SourceQuality "1"]
[WhiteTeam "Malta"]
[BlackTeam "Lebanon"]
[WhiteTeamCountry "MLT"]
[BlackTeamCountry "LBN"]

1. d4 d5 2. Nf3 Nf6 3. g3 e6 4. Bg2 c5 5. 0-0 Nc6 6. c4 dxc4 7. dxc5 Qxd1 8. Rxd1 Bxc5 9. Nbd2 0-0 10. Nxc4 Bd7 11. Be3 Bxe3 12. Nxe3 Rfd8 13. Rac1 Rac8 14. Nc4 Ne8 15. Nfe5 Nxe5 16. Nxe5 Rxc1 17. Rxc1 Bc8 18. Kf1 f6 19. Nd3 Kf7 20. Ke1 Ke7 21. f4 Nd6 22. e4 Nb5 23. Kd2 Bd7 24. Ke3 Rc8 25. Rxc8 Bxc8 26. e5 f5 27. a4 Nc7 28. b4 b6 29. Kd4 Bd7 30. Nb2 h6 31. h4 Kd8 32. Kc4 Ke7 33. Bb7 Kd8 34. Kb3 Ke7 35. Bf3 Ne8 36. b5 Nc7 37. Kb4 a6 38. Nc4 axb5 39. Nxb6 bxa4 40. Nxd7 Kxd7 41. Kxa4 Ne8 42. Kb5 g6 43. Bc6+ Ke7 44. Bxe8 Kxe8 45. Kc6 Ke7 46. Kc7 h5 47. Kc6 Ke8 48. Kd6 Kf7 49. Kd7 1-0

[Event "Online Olym Div4 B"]
[Site "Chess.com INT"]
[Date "2020.08.02"]
[Round "9.1"]
[White "Pulpan, Ondrej"]
[Black "Mentile, Lishen"]
[Result "1-0"]
[WhiteElo "1901"]
[BlackElo "1513"]
[PlyCount "83"]
[EventDate "2020.07.31"]
[EventType "team-tourn (rapid)"]
[EventRounds "9"]
[EventCountry "USA"]
[SourceTitle "CBM 198"]
[Source "ChessBase"]
[SourceDate "2020.10.31"]
[SourceVersion "1"]
[SourceVersionDate "2020.10.31"]
[SourceQuality "1"]
[WhiteTeam "Malta"]
[BlackTeam "Namibia"]
[WhiteTeamCountry "MLT"]
[BlackTeamCountry "NAM"]

1. d4 d5 2. Nf3 Nf6 3. g3 Bf5 4. Bg2 e6 5. 0-0 Be7 6. c4 0-0 7. Nc3 c6 8. b3 Nbd7 9. Bf4 Nb6 10. Ne5 dxc4 11. Nxc4 Nfd5 12. Nxd5 Nxd5 13. Bd2 Bf6 14. e4 Bxd4 15. Ba5 Nb6 16. Bxb6 axb6 17. exf5 Bxa1 18. Qxd8 Raxd8 19. Rxa1 exf5 20. Nxb6 Rd2 21. Nc4 Rc2 22. Nd6 b6 23. Nxf5 Kh8 24. Nd4 Rd2 25. Nxc6 Rc8 26. b4 g6 27. a4 Re8 28. Bf1 Kg7 29. a5 bxa5 30. bxa5 Rc8 31. Bg2 Re8 32. Bf3 Rc8 33. a6 Rc2 34. a7 Kf6 35. a8Q Rxa8 36. Rxa8 Rc1+ 37. Kg2 Rc2 38. Ra6 Kg7 39. Ra7 Kf8 40. Ne5 f6 41. Nd7+ Ke8 42. Nxf6+ 1-0

[Event "Online Olym Div4 B"]
[Site "Chess.com INT"]
[Date "2020.08.01"]
[Round "5.3"]
[White "Pulpan, Ondrej"]
[Black "Alawadhi, Amenah"]
[Result "1-0"]
[WhiteElo "1901"]
[BlackElo "1327"]
[PlyCount "63"]
[EventDate "2020.07.31"]
[EventType "team-tourn (rapid)"]
[EventRounds "9"]
[EventCountry "USA"]
[SourceTitle "CBM 198"]
[Source "ChessBase"]
[SourceDate "2020.10.31"]
[SourceVersion "1"]
[SourceVersionDate "2020.10.31"]
[SourceQuality "1"]
[WhiteTeam "Malta"]
[BlackTeam "Kuwait"]
[WhiteTeamCountry "MLT"]
[BlackTeamCountry "KUW"]

1. d4 d5 2. Nf3 e6 3. g3 c5 4. Bg2 cxd4 5. Nxd4 Nf6 6. 0-0 Be7 7. c4 0-0 8. cxd5 Nxd5 9. e4 Nf6 10. Nc3 Na6 11. e5 Nd7 12. f4 Nb6 13. Be3 Nb4 14. a3 N4d5 15. Nxd5 Nxd5 16. Bf2 Qd7 17. Rc1 Rd8 18. Qd3 Qa4 19. Be4 g6 20. Qf3 Bf8 21. Rfd1 a5 22. h4 Ra6 23. h5 b5 24. Bc2 Qc4 25. Bxg6 Qa2 26. Bd3 Qxb2 27. Qe4 f5 28. exf6 Nxf6 29. Qe2 Qxa3 30. Nxb5 Qb3 31. Bxh7+ Kxh7 32. Rxd8 1-0